Poškození převodního systému srdečního při prenatálně diagnostikovaném kompletním atriovertikulárním bloku

Bibliographic Details
Main Authors: Židová, Liselothe (Author), Dušek, Jaroslav (Author), Wiedermann, Jaroslav, 1949- (Author), Skácel, Karol (Author)
Format: Article
Language:Slovak
Czech
Subjects:

MARC

LEADER 00000nab a2200000 a 4500
001 vtls000198685
003 SK-MaSNL
005 20260304063923.0
008 250422c1984 xo 0 slo
015 |a SNBRB19rr/mm-uuuuu 
035 |a CL0208798 
035 |a urn:nbn:sk:snk-ab5ao 
035 |a (urnnbn)urn:nbn:sk:snk:ar-a03lrx 
035 |a (uuid)7eee6ca0-a88f-4cc2-9c66-3750dfa59cf3 
040 |a SNKBUCL  |b slo  |c SNKBUCL  |e AACR2 
041 0 |a cze 
044 |a xo  |c SK 
080 |a 616.12-053.2  |2 1981 
245 0 0 |a Poškození převodního systému srdečního při prenatálně diagnostikovaném kompletním atriovertikulárním bloku  |c Liselothe Židová, Jaroslav Dušek, Jaroslav Wiederman, Karol Skácel 
300 |b Obr. 6. Res. rus., angl., nem., lit. 21 zázn. v slov., češ., angl., nem. 
650 0 7 |a srdce  |2 snkbucl  |9 13574 
650 0 7 |a novorodenci  |2 snkbucl  |9 1225 
655 7 |a články z novín a časopisov  |2 snkbucl  |9 267496 
700 1 |a Židová, Liselothe  |4 aut  |9 1351008 
700 1 |a Dušek, Jaroslav  |4 aut  |9 924446 
700 1 |a Wiedermann, Jaroslav,  |d 1949-  |4 aut  |9 132608 
700 1 |a Skácel, Karol  |4 aut  |9 1351009 
773 0 |t Bratislavské lekárske listy  |g Roč. 82, č. 4 (1984), s. 1240-1249 
850 |a Slovenská národná knižnica 
852 |a Slovenská národná knižnica 
954 |a odborná, vedecká literatúra cudzojazyčná (svetová)  |2 lita 
958 |a article27 
958 |a NB 
958 |a RK 
958 |a MI 
958 |a CZ 
958 |a OND 
958 |a EUIPO 
992 |a RBX 
999 |c 2744530  |d 2746460